000 01640nam a2200433 i 4500
001 15712
003 KOSZ 005
005 20200706115416.0
008 200425s1972 pl a f f 000 0 pol
015 _aPB 1972/3003
035 _a(OCoLC)839065500
040 _aWA N
_cWA N
_dKOSZ 005/EC
_dKOSZ 005/HR
_dKOSZ 005/RW
046 _k1962
080 _a631.3
080 _a(075)
100 1 _aLorenc, Władysław
_eAutor
245 1 0 _aNaprawa ciągników rolniczych :
_bpodręcznik dla techników mechanizacji rolnictwa /
_cW. Lorenc, B. Pokrzywa ; [recenzent : mgr inż. Władysław Rusin].
250 _aWydanie 3 (dodruk).
260 _aWarszawa :
_bPaństwowe Wydawnictwo Rolnicze i Leśne,
_c1972.
300 _a305, [3] stron :
_bilustracje ;
_c24 cm.
336 _aTekst
_btxt
_2rdacontent
337 _aBez urządzenia pośredniczącego
_bn
_2rdamedia
338 _aWolumin
_bnc
_2rdacarrier
380 _aKsiążki
380 _aPublikacje dydaktyczne
388 _a1901-2000
388 _a1945-1989
521 8 _aKsiążka zatwierdzona jako podręcznik dla techników mechanizacji rolnictwa.
650 7 _aTraktory
650 7 _aObsługa i eksploatacja
655 7 _aPodręczniki dla szkół zawodowych
658 _aRolnictwo i leśnictwo
658 _aInżynieria i technika
700 1 _aPokrzywa, Bronisław
_eAutor
700 1 _aRusin, Władysław
_eRecenzja
710 2 _aPaństwowe Wydawnictwo Rolnicze i Leśne
_4pbl
856 _uhttp://koha.tu.koszalin.pl/cgi-bin/koha/opac-detail.pl?biblionumber=15712
_yKatalog online BPK
942 _2UKD
_cKS
999 _c15712
_d15712